| 000 | 00555nam a2200181Ia 4500 | ||
|---|---|---|---|
| 008 | 140626s9999 xx 000 0 und d | ||
| 100 | _aYang, Chiu-Yueh. | ||
| 245 |
_aPredictors of sleep quality in community-dwelling older adults in Northern Taiwan / _cChiu-Yueh Yang ... [et al.]. |
||
| 260 | _cc2013. | ||
| 300 | _a21 : 4, page 249 | ||
| 440 | _aThe Journal of Nursing Research (JNR) | ||
| 521 | _aNUR | ||
| 650 | _aFunctional status. | ||
| 650 | _aOlder people. | ||
| 650 | _aSedentary lifestyle. | ||
| 650 | _aSleep quality. | ||
| 942 | _cSE | ||
| 999 |
_c121409 _d121409 |
||